000 00588nam a2200181Ia 4500
008 100315s9999 xx 000 0 und d
040 _cENGLISH 
082 _b2448 
245 _aIMPORT AND EXPORT POLICY: APRIL 1990-MARCH 1993
260 _aNISTRY OF COMMERCE INDIA OF GOVERNMENT 
_bMINISTRY OF COMMERCE INDIA OF GOVERNMENT  
_c1990 
300 _a71P 
365 _eAus.Sch. 
_d
_b250.00 
366 _f
530 _b-  
630 _aIMPORT AND EXPORT POLICY: APRIL 1990-MARCH 1993
730 _aIMPORT AND EXPORT POLICY: APRIL 1990-MARCH 1993
942 _cBOOK
999 _c477183
_d477180